Les pokémon de la 4ème génération - Statistiques

Statistiques générales
  • Ce quiz a été pris 24 fois
  • Le résultat moyen est 73 sur 107
Statistiques - réponses
Numéro du Pokédex Pokémon % Correct
388 Boskara
100%
391 Chimpenfeu
100%
390 Ouisticram
100%
395 Pingoléon
100%
394 Prinplouf
100%
392 Simiabraz
100%
393 Tiplouf
100%
389 Torterra
100%
387 Tortipouss
100%
488 Cresselia
94%
492 Darkrai
94%
483 Dialga
94%
398 Etouraptor
94%
396 Etourmi
94%
397 Etourvol
94%
487 Giratina
94%
490 Manaphy
94%
484 Palkia
94%
489 Phione
94%
493 Arceus
88%
445 Carchacrok
88%
444 Carmache
88%
400 Castorno
88%
466 Elekable
88%
485 Heatran
88%
399 Keunotor
88%
448 Lucario
88%
467 Maganon
88%
411 Bastiodon
81%
482 Crefadet
81%
481 Crefollet
81%
480 Crehelf
81%
401 Crikzik
81%
471 Givrali
81%
443 Griknot
81%
403 Lixy
81%
404 Luxio
81%
405 Luxray
81%
402 Melokrik
81%
470 Phyllali
81%
486 Regigigas
81%
447 Riolu
81%
407 Roserade
81%
442 Spiritomb
81%
410 Dinoclier
75%
491 Shaymin
75%
468 Togekiss
75%
409 Charkos
69%
413 Cheniselle
69%
430 Corboss
69%
450 Hippodocus
69%
449 Hippopotas
69%
408 Kranidos
69%
418 Mustébouée
69%
419 Mustéflott
69%
464 Rhinastoc
69%
416 Apireine
63%
415 Apitrini
63%
425 Baudrive
63%
426 Grodrive
63%
429 Magirêve
63%
479 Motisma
63%
434 Moufouette
63%
460 Blizzaroi
56%
459 Blizzi
56%
420 Ceribou
56%
421 Ceriflor
56%
432 Chaffreux
56%
431 Chaglam
56%
412 Cheniti
56%
461 Dimoret
56%
452 Drascore
56%
457 Lumineon
56%
473 Mammochon
56%
478 Momartik
56%
435 Moufflair
56%
441 Pijako
56%
406 Rozbouton
56%
472 Scorvol
56%
423 Tritosor
56%
437 Archéodong
50%
463 Coudlangue
50%
456 Ecayon
50%
427 Laporeille
50%
428 Lockpin
50%
462 Magnézone
50%
417 Pachirisu
50%
414 Papilord
50%
451 Rapion
50%
469 Yanmega
50%
436 Archéomire
44%
454 Coatox
44%
453 Cradopaud
44%
475 Gallame
44%
477 Noctunoir
44%
440 Ptiravi
44%
455 Vortente
44%
465 Bouldeneu
38%
446 Goinfrex
38%
439 Mime Jr.
38%
474 Porygon Z
38%
422 Sancoki
38%
458 Babimanta
31%
424 Capidextre
31%
438 Manzaï
31%
433 Korillon
25%
476 Tarinorme
25%
Aucun quiz correspondant
Distribution des résultats
% des personnes avec chaque résultat
Percentile par nombre de réponses
Votre historique - résultats
Vous n’avez pas pris ce quiz